[Di un giacimento di argille plioceniche, fossilifere, recentemente scoperto preso Taino, a levante di Angera / (Record no. 166029)

MARC details
000 -LEADER
campo de control de longitud fija 00918nam a22002055i 4500
001 - NÚMERO DE CONTROL
campo de control 166029
003 - IDENTIFICADOR DE NÚMERO DE CONTROL
campo de control ES-MaACL
005 - FECHA Y HORA DE LA ÚLTIMA TRANSACCIÓN
campo de control 20250815110842.0
008 - DATOS DE LONGITUD FIJA--INFORMACIÓN GENERAL
campo de control de longitud fija 050919s1883 it | |||||||| ||ita d
040 ## - FUENTE DE CATALOGACIÓN
Centro catalogador/agencia de origen CAM
Lengua de catalogación spa
Centro/agencia transcriptor CAM
100 1# - ENTRADA PRINCIPAL--NOMBRE DE PERSONA
Nombre de persona Taramelli, Torquato,
Fechas asociadas al nombre 1845-1922
9 (RLIN) 224308
245 10 - MENCIÓN DEL TÍTULO
Título [Di un giacimento di argille plioceniche, fossilifere, recentemente scoperto preso Taino, a levante di Angera /
Mención de responsabilidad, etc. Torquato Taramelli].
260 ## - PUBLICACIÓN, DISTRIBUCIÓN, ETC.
Lugar de publicación, distribución, etc. Milano :
Nombre del editor, distribuidor, etc. [s.n.],
Fecha de publicación, distribución, etc. 1883 (
Fabricante Tip. Bernardoni di C. Rebeschini e C.)
300 ## - DESCRIPCIÓN FÍSICA
Extensión 11 p. ;
Dimensiones 24 cm.
594 ## - Nota al título y mención de responsabilidad
Nota al título y mención de responsabilidad Tit. tomado de la primera pag.
596 ## - NOTA AL PIE DE IMPRENTA
NOTA AL PIE DE IMPRENTA Estratto dai Rendiconti del R. Istituto Lombardo, Serie II, vol., XVI, fasc. X-XI.
650 #7 - PUNTO DE ACCESO ADICIONAL DE MATERIA--TÉRMINO DE MATERIA
Término de materia o nombre geográfico como elemento de entrada Geología
Fuente del encabezamiento o término embne
9 (RLIN) 13086
852 ## - LOCALIZACIÓN
Ubicación ES-MaACL
Número de control de estantería T-899-F-15
Nota libre -- Enc. hol., falto de la enc. original
-- -- Enc. en un vol. facticio
-- .- Legado de Federico de Botella y de Hornos
Holdings
Estatus retirado Estado de pérdida Estado de daño No para préstamo Colección Biblioteca de origen Biblioteca actual Ubicación en estantería Fecha de adquisición Total de préstamos Signatura topográfica completa Código de barras Visto por última vez Precio de reemplazo Tipo de ítem Koha
        Colección de folletos Biblioteca del Ateneo de Madrid Biblioteca del Ateneo de Madrid Depósito folletos 17/01/2008   T-899-F-15 1174121 23/02/2023 23/02/2023 Folleto